000 00376nam a2200157Ia 4500
005 20240717021335.0
008 240331s9999 xx 000 0 und d
082 _a200
_bMIT
100 _aMital, N
245 0 _aModern Gurus and guru-Cults
260 _aNew Delhi
_bFamily Books Pvt. Ltd
_c1990
300 _a136 p .,
650 _aReligious
650 _aCultures
942 _cL
999 _c785
_d785